[Event "TCh-CZE Extraliga 2003-4"]
[Site "Czech Rep CZE"]
[Date "2004.01.10"]
[Round "5"]
[White "Simacek,P"]
[Black "Markos,J"]
[Result "1/2-1/2"]
[WhiteElo "2442"]
[BlackElo "2459"]

1.e4 c5 2.Nf3 Nc6 3.Nc3 Nf6 4.Bb5 Qc7 5.O-O e6 6.Bxc6 Qxc6 7.e5 Nd5 8.Ne4 b5
9.a4 b4 10.d3 Bb7 11.Bg5 h6 12.Bh4 Nf4 13.Bg3 Nh5 14.Nfd2 Nxg3 15.fxg3 d5
16.Nf2 Be7 17.d4 Ba6 18.Re1 O-O 19.Nf3 Rac8 20.Qd2 Rc7 21.Nd3 Bxd3 22.Qxd3 cxd4
23.Re2 Rfc8 24.Kf1 Bc5 25.g4 a5 26.g5 h5 27.Ne1 Bb6 28.g3 Qc4 29.Rd1 Qc6
30.Qf3 Qxa4 31.Qxh5 b3 32.cxb3 Qxb3 33.Rd3 Qb5 34.g6 fxg6 35.Qxg6 Rf7+ 36.Kg2 Qe8
37.Nf3 a4 38.h4 Rc1 39.h5 Rf8 40.Ng5 Qxg6 41.hxg6 Rc6 42.g4 Rfc8 43.Rf2 Rc2
44.Nxe6 Rxf2+ 45.Kxf2 Re8 46.Nxd4 Rxe5 47.Kf3 Kf8 48.Nb5 Rg5 49.Kf4 Rxg6
50.Rxd5 Rf6+ 51.Rf5 Bc5 52.Ke5 Rxf5+ 53.Kxf5 Kf7 54.Nc3  1/2-1/2

[Event "ch-Commonwealth"]
[Site "Mumbai IND"]
[Date "2004.01.10"]
[Round "1"]
[White "Balaji,G"]
[Black "Himanshu,Sh"]
[Result "0-1"]
[WhiteElo "2266"]
[BlackElo "2380"]

1.e4 c5 2.Nc3 Nc6 3.Bb5 Nd4 4.Bc4 a6 5.d3 e6 6.Nf3 g6 7.Nxd4 cxd4 8.Ne2 Bg7
9.O-O Ne7 10.Bb3 O-O 11.c3 dxc3 12.bxc3 d5 13.Ba3 Re8 14.Bxe7 Rxe7 15.exd5 exd5
16.Nf4 d4 17.c4 Bf5 18.Nd5 Re5 19.Qd2 Qd6 20.Rae1 Rae8 21.Rxe5 Qxe5 22.Bd1 b5
23.Bf3 bxc4 24.dxc4 Bf8 25.g3 Bh3 26.Bg2 Bf5 27.h4 d3 28.Bf3 Bc5 29.Kh2 Kg7
30.Rb1 Bd4 31.Nb4 Bc3 32.Qd1 d2 33.Nc2 Qc5 34.Ne3 Rxe3 35.fxe3 Qxe3 36.Rb3 Qf2+
37.Kh1 Bc2 38.Qxc2 Qxf3+  0-1

[Event "CXSP"]
[Site "Sao Paulo BRA"]
[Date "2004.01.10"]
[Round "4"]
[White "Rodriguez,And URU"]
[Black "Vera,IJ"]
[Result "1-0"]
[WhiteElo "2485"]
[BlackElo "2338"]

1.e4 c5 2.Nc3 Nc6 3.Nge2 g6 4.d4 cxd4 5.Nxd4 Bg7 6.Nb3 d6 7.Be2 Nf6 8.g4 Be6
9.f4 Nd7 10.Be3 Rc8 11.Nd4 Nc5 12.Nxc6 bxc6 13.f5 Bd7 14.Bd4 Be5 15.Qd2 Qb6
16.O-O-O Rb8 17.b3 Qa5 18.Bxe5 dxe5 19.Bc4 O-O 20.Na4 Qxd2+ 21.Rxd2 Nxa4
22.Rxd7 Nb6 23.Rxe7 Nxc4 24.bxc4 Rb4 25.Re1 Rfb8 26.Re2 Rb1+ 27.Kd2 Rg1 28.Rxa7 Rxg4
29.fxg6 Rd8+ 30.Kc3 hxg6 31.a4 c5 32.a5 Rc8 33.Rb7 Ra8 34.Rb5 Rc8 35.Re1 Rh4
36.a6 Rh3+ 37.Kb2 Ra8 38.Ra1 Rxh2 39.a7 Kg7 40.Rxc5 Rhh8 41.Rc7 Rh4 42.Rb7 Rhh8
43.c5 Rhc8 44.c6 Kf8 45.c7 Ke7 46.Rd1 g5 47.Rb8  1-0

[Event "ch-Commonwealth"]
[Site "Mumbai IND"]
[Date "2004.01.11"]
[Round "2"]
[White "Visweswaran,K"]
[Black "Nikhilesh,K"]
[Result "0-1"]
[WhiteElo "2325"]
[BlackElo "2261"]

1.e4 c5 2.Nf3 Nc6 3.Nc3 d6 4.d4 cxd4 5.Nxd4 Nf6 6.Bg5 Bd7 7.Qd2 Rc8 8.Bxf6 gxf6
9.O-O-O Nxd4 10.Qxd4 Qa5 11.Kb1 Rg8 12.f4 f5 13.e5 e6 14.Qd2 Qb6 15.Bd3 Bc6
16.exd6 Rd8 17.Rhg1 Rxd6 18.a3 Bg7 19.Qe1 Kd7 20.g4 Bd4 21.Rg3 Bf2 22.Qe5 Bxg3
23.hxg3 Rxg4 24.Qf6 Rxg3 25.Qxf7+ Kc8 26.Qxh7 Rg1 27.Qh8+ Rd8 28.Qh2 Rxd1+
29.Nxd1 Be4  0-1

[Event "GMC"]
[Site "Wijk aan Zee NED"]
[Date "2004.01.11"]
[Round "2"]
[White "Smeets,J"]
[Black "Pavlovic,Mi"]
[Result "1/2-1/2"]
[WhiteElo "2505"]
[BlackElo "2548"]

1.e4 c5 2.Nf3 Nc6 3.Nc3 Nf6 4.d4 cxd4 5.Nxd4 e5 6.Ndb5 d6 7.Nd5 Nxd5 8.exd5 Nb8
9.c4 a6 10.Nc3 Be7 11.Bd3 O-O 12.O-O f5 13.f3 Nd7 14.Be3 Bg5 15.Bf2 Qf6 16.Qc2 Nc5
17.Be2 a5 18.Na4 Nxa4 19.Qxa4 e4 20.Qa3 Bf4 21.fxe4 Be5 22.Rab1 Qh6 23.g3 fxe4
24.Be3 Rxf1+ 25.Rxf1 Qg6 26.Bf4 Bh3 27.Rf2 Bd4 28.Be3 Be5 29.Bf4 Bd4 30.Be3 Be5  1/2-1/2

[Event "ch-Commonwealth"]
[Site "Mumbai IND"]
[Date "2004.01.13"]
[Round "4"]
[White "Roy Chowdhury,S"]
[Black "Smirnov,P"]
[Result "0-1"]
[WhiteElo "2400"]
[BlackElo "2609"]

1.e4 c5 2.Nf3 Nc6 3.Nc3 e5 4.Bc4 Be7 5.d3 Nf6 6.Ng5 O-O 7.f4 d5 8.Nxd5 Nxd5
9.exd5 Nd4 10.d6 Qxd6 11.O-O Bxg5 12.fxg5 b5 13.Bb3 Bb7 14.c3 Qc6 15.Rf2 Nxb3
16.axb3 f5 17.b4 cxb4 18.Qb3+ Rf7 19.Qxb4 f4 20.Bd2 Rd8 21.Re1 Rf5 22.h4 Rxd3
23.Qb3+ Kh8 24.Qc2 Rg3 25.Bc1 Rf8 26.Rxe5 f3 27.Rf5 Re8 28.R2xf3 Qxf3 29.Rxf3 Bxf3
30.Qf5 Rxg2+ 31.Kf1 Be4 32.Qf4 Rc2 33.Be3 Kg8 34.Ke1 Bd3  0-1

[Event "XXIX Open"]
[Site "Seville ESP"]
[Date "2004.01.13"]
[Round "5"]
[White "Speck,N"]
[Black "Palma Macias,J"]
[Result "0-1"]
[WhiteElo "2381"]
[BlackElo "2149"]

1.e4 c5 2.Nc3 Nc6 3.Bb5 e6 4.Nf3 Nge7 5.O-O a6 6.Bxc6 Nxc6 7.d4 cxd4 8.Nxd4 Qc7
9.Re1 d6 10.Bg5 Be7 11.Bxe7 Qxe7 12.Nf5 exf5 13.exf5 Ne5 14.Nd5 Qd8 15.f4 Bxf5
16.fxe5 dxe5 17.Rxe5+ Be6 18.Rxe6+ fxe6 19.Qh5+ g6 20.Qe5 O-O 21.Qxe6+ Rf7
22.Rf1 Qf8 23.g4 Qc5+ 24.Kg2 Rf8 25.c3 Qc6 26.Qxc6 bxc6 27.Rxf7 Kxf7 28.Nb4 Rb8
29.b3 Rb6 30.Kf3 Ke6 31.Kf4 h6 32.h4 Kd6 33.h5 gxh5 34.gxh5 a5 35.Nc2 Rb5
36.Kg4 Rg5+ 37.Kh4 Ke5 38.Nd4 Kd6 39.Nf3 Rg2 40.Nd4 Rxa2 41.Nf3 Rg2 42.Nd4 Ra2
43.Nf5+ Ke6 44.Nxh6 Rb2 45.Kg5 Rxb3 46.c4 a4 47.Nf5 c5 48.h6 a3 49.h7 Rb8
50.Ne3 a2 51.Nc2 Kf7 52.Na3 Kg7  0-1

[Event "ch-Commonwealth"]
[Site "Mumbai IND"]
[Date "2004.01.15"]
[Round "6"]
[White "Prathamesh,S"]
[Black "Sharma,D"]
[Result "1/2-1/2"]
[WhiteElo "2343"]
[BlackElo "2373"]

1.e4 c5 2.Nc3 Nc6 3.Nge2 Nf6 4.g3 d6 5.Bg2 g6 6.O-O Bg7 7.d3 O-O 8.f4 Rb8
9.h3 Nd7 10.Be3 Nd4 11.Bf2 Nxe2+ 12.Qxe2 b5 13.Rfb1 b4 14.Nd5 a5 15.Qd2 a4
16.a3 e6 17.Ne3 bxa3 18.Rxa3 Bxb2 19.Rxa4 Bc3  1/2-1/2

[Event "ch-Commonwealth"]
[Site "Mumbai IND"]
[Date "2004.01.15"]
[Round "6"]
[White "Thipsay,B"]
[Black "Venkatesh,M"]
[Result "0-1"]
[WhiteElo "2231"]
[BlackElo "2392"]

1.e4 c5 2.Nf3 Nc6 3.Nc3 Nf6 4.Bb5 Qc7 5.O-O Nd4 6.Re1 a6 7.Bc4 b5 8.Nd5 Nxd5
9.Bxd5 Nc6 10.c3 c4 11.e5 e6 12.Be4 Bb7 13.d4 cxd3 14.Qxd3 Nxe5 15.Nxe5 Qxe5
16.Bf4 Qxf4 17.Bxb7 Ra7 18.Be4 Bc5 19.Re2 Qd6 20.Qh3 h6 21.Bc2 O-O 22.Rd1 Qf4
23.b4 Bb6 24.Qd3 g6 25.g3 Qc4 26.Qxc4 bxc4 27.Rd6 Bd8 28.Red2 Bf6 29.Rxd7 Rxd7
30.Rxd7 Bxc3 31.Rc7 Bxb4 32.Rxc4 a5 33.Bb3 Rd8 34.Rc7 Rd6 35.Kg2 Kg7 36.Kf3 g5
37.h3 Kg6 38.Ba4 Rd3+ 39.Kg2 Kf6 40.Bb3 h5 41.Rc4 Ke5 42.Rc7 Kf6 43.Rc4 Bd6
44.Rc6 h4 45.gxh4 gxh4 46.Rc4 Rd2 47.Rxh4 Bc5 48.Rf4+ Ke7 49.Kf1 f5 50.Ke1 Rb2
51.f3 Rh2 52.Rc4 Bb4+ 53.Kf1 Rxh3 54.Kg2 Rh6 55.Rc6 Bd6 56.Ra6 Bc7 57.Rc6 Kd7
58.Ra6 Rh2+ 59.Kf1 e5 60.Be6+ Ke7 61.Bxf5 Rxa2 62.Be4 Rb2 63.Ke1 Bb6 64.Kd1 Kd6
65.Kc1 Rb4 66.Kc2 Kc5 67.Ra8 a4 68.Rc8+ Kd4 69.Ra8 Rc4+ 70.Kd2 Rb4 71.Kc2 Ke3
72.Kc3 Bc5 73.Ra5 Bd6 74.Ra6 Rd4 75.Rb6 a3 76.Kb3 Rd2 77.Ra6 Rb2+ 78.Kc4 Bb4
79.Kd5 a2 80.Kc4 Kd2 81.Bf5 Bc3 82.Rd6+ Bd4 83.Ra6 Ke2 84.Be4 Rd2 85.Bd3+ Kxf3  0-1

[Event "ch-Commonwealth"]
[Site "Mumbai IND"]
[Date "2004.01.15"]
[Round "6"]
[White "Iuldachev,S"]
[Black "Sharma,Vi"]
[Result "1/2-1/2"]
[WhiteElo "2559"]
[BlackElo "2208"]

1.e4 c5 2.Nc3 Nc6 3.Bb5 g6 4.Bxc6 dxc6 5.d3 Bg7 6.Be3 b6 7.Qd2 e5 8.O-O-O Nf6
9.Bh6 Bxh6 10.Qxh6 Ng4 11.Qd2 h5 12.h3 Nh6 13.f4 f6 14.Nf3 Nf7 15.Rdf1 Qe7
16.Nh4 Rg8 17.fxe5 fxe5 18.Qf2 Bd7 19.Qf6 Nh8 20.Nd1 Qxf6 21.Rxf6 Ke7 22.Rf2 Raf8
23.Nf3 Kd6 24.Rhf1 b5 25.Ne3 Rf4 26.g3 Rf6 27.Ng5 Rxf2 28.Rxf2 Ke7 29.Ng2 Rf8
30.Rxf8 Kxf8 31.Nh4 Ke7 32.Kd2 Kf6 33.Nhf3 Be6 34.a3 Bg8 35.b4 c4 36.h4 cxd3
37.cxd3 Nf7 38.Nxf7 Bxf7 39.Kc3 Be8 40.d4 exd4+ 41.Kxd4 Ke6 42.Ne5 Kf6 43.Nf3 Ke6
44.Kc5 Bd7 45.Kd4 Be8 46.Ng1 Kf6 47.Nh3 Bd7 48.Nf4 Be8 49.Nd3 Ke6 50.Nf4+ Kf6
51.Ng2 Bd7 52.e5+ Kf5 53.Ne3+ Ke6 54.Ke4 a5 55.Ng2 axb4 56.axb4 Kf7 57.Nf4 Bf5+
58.Ke3 Ke7 59.Kd4 Kd7 60.Kc5 Be4 61.e6+ Ke7 62.Kd4 Bb1 63.Ke5 Bf5 64.Nxh5 Bxe6
65.Nf4 Bf7 66.Kd4 Kf6 67.Nd3 g5 68.Ne5 Be8 69.hxg5+ Kxg5 70.Kc5 Kf5 71.Kd6 c5
72.g4+ Ke4 73.bxc5 b4 74.g5 b3 75.Nc4 Kf5 76.g6 Kxg6  1/2-1/2

[Event "TCh-BEL 2003-4"]
[Site "Belgium BEL"]
[Date "2004.01.18"]
[Round "7"]
[White "Van Mechelen,J"]
[Black "Koch,T"]
[Result "0-1"]
[WhiteElo "2308"]
[BlackElo "2391"]

1.e4 c5 2.Nf3 Nc6 3.Nc3 e5 4.Bc4 Be7 5.d3 Nf6 6.Bg5 d6 7.Bxf6 Bxf6 8.Nd5 O-O
9.h3 a6 10.O-O g6 11.Nxf6+ Qxf6 12.Nh2 Kg7 13.Qd2 Qf4 14.Qxf4 exf4 15.Nf3 Be6
16.Rad1 Nd4 17.Ng5 f3 18.c3 Ne2+ 19.Kh2 fxg2 20.Kxg2 h6 21.Nf3 Rae8 22.Bxe6 fxe6
23.h4 Nf4+ 24.Kg3 Nh5+ 25.Kg2 Rf4 26.Rde1 Ref8 27.Re3 Nf6 28.Nh2 Rxh4  0-1

[Event "TCh-BEL 2003-4"]
[Site "Belgium BEL"]
[Date "2004.01.18"]
[Round "7"]
[White "Cappon,J"]
[Black "Nieto,E"]
[Result "1/2-1/2"]
[WhiteElo "2219"]
[BlackElo "2161"]

1.e4 c5 2.Nf3 Nc6 3.Nc3 Nf6 4.d4 cxd4 5.Nxd4 e5 6.Ndb5 d6 7.Bg5 a6 8.Na3 b5
9.Nd5 Be7 10.Bxf6 Bxf6 11.c3 Ne7 12.Nxf6+ gxf6 13.Nc2 Bb7 14.a4 Bxe4 15.axb5 axb5
16.Bxb5+ Kf8 17.Rxa8 Qxa8 18.Ne3 d5 19.f3 Bg6 20.Qd2 Kg7 21.O-O d4 22.cxd4 Rd8
23.d5 Nxd5 24.Ng4 Nf4 25.Qe1 h5 26.Nxe5 Nxg2 27.Kxg2 fxe5 28.Qxe5+ Kh7 29.Bc4 Qb7
30.Rf2 Qd7 31.h3 Rg8 32.Kh2 Re8 33.Qf4 Re1 34.Rd2 Qe7 35.Rg2 Rb1 36.Qg3 Qf6
37.b3 Qa1 38.Rg1 Rb2+ 39.Rg2 Rb1 40.Rg1 Rb2+ 41.Rg2 Rb1  1/2-1/2

[Event "Open"]
[Site "Praha CZE"]
[Date "2004.01.19"]
[Round "5"]
[White "Zemerov,V"]
[Black "Kuba,J"]
[Result "1-0"]
[WhiteElo "2323"]
[BlackElo "2170"]

1.e4 c5 2.Nc3 Nc6 3.Nf3 e5 4.Bc4 Be7 5.d3 Nf6 6.Ng5 O-O 7.f4 exf4 8.Bxf4 d5
9.exd5 Nxd5 10.Nxf7 Qe8 11.Bxd5 Bh4+ 12.Kd2 Be6 13.Nd6 Qd7 14.Qg4 Nd4 15.Qxh4 Bxd5
16.Nxd5 Qe6 17.Ne7+ Kh8  1-0

[Event "1st WinTV Open"]
[Site "Chennai IND"]
[Date "2004.01.22"]
[Round "2"]
[White "Muralidharan,M"]
[Black "Gopalakrishna,K"]
[Result "1-0"]
[WhiteElo "2341"]
[BlackElo "2185"]

1.e4 c5 2.Nc3 Nc6 3.Bb5 g6 4.f4 Bg7 5.Nf3 d6 6.O-O Nf6 7.e5 dxe5 8.Nxe5 Bd7
9.Bxc6 Bxc6 10.Nxc6 bxc6 11.d3 O-O 12.Kh1 Rb8 13.Rb1 Qa5 14.Bd2 Qa6 15.b3 Nd5
16.Na4 Rfd8 17.Qe2 e6 18.Qe4 Nb6 19.Nc3 Nd5 20.Na4 Nb6 21.Bc3 Bd4 22.Nxc5 Bxc5
23.Qe5 Bd4 24.Bxd4 Rxd4 25.Qxd4 Nd5 26.a4 Qa5 27.Qe5 Rd8 28.c4  1-0

[Event "1st WinTV Open"]
[Site "Chennai IND"]
[Date "2004.01.22"]
[Round "2"]
[White "Shetty,R"]
[Black "Abhay,T"]
[Result "1/2-1/2"]
[WhiteElo "2382"]
[BlackElo "2208"]

1.e4 c5 2.Nf3 Nc6 3.Nc3 Nf6 4.Bb5 Nd4 5.e5 Nxb5 6.Nxb5 Nd5 7.O-O Nc7 8.Nxc7+ Qxc7
9.d4 cxd4 10.Qxd4 e6 11.Rd1 b6 12.Ng5 Bc5 13.Qc3 Bb7 14.Be3 Qc6 15.f3 Be7
16.Qd3 Qd5 17.Qc3 Qc6 18.Qd4 Rd8 19.Ne4 O-O 20.c4 Qc7 21.Nd6 Bxd6 22.exd6 Qc6
23.a4 Rc8 24.b3 f6 25.a5 e5 26.Qd2 f5 27.axb6 f4 28.Bf2 e4 29.Qb4 e3 30.Bh4 Qxb6
31.Qxb6 axb6 32.Be7 Rf5 33.Ra7 Rb8 34.b4 b5 35.c5 Bc6 36.Kf1 Kf7 37.Ke1 Ke6
38.Rd4  1/2-1/2

[Event "TCh-AUT 2003-4"]
[Site "Velden AUT"]
[Date "2004.01.22"]
[Round "4"]
[White "Balinov,I"]
[Black "Horvath,Ta1"]
[Result "1-0"]
[WhiteElo "2398"]
[BlackElo "2432"]

1.e4 c5 2.Nf3 Nc6 3.Nc3 e5 4.Bc4 Be7 5.d3 d6 6.Nd2 Bg5 7.h4 Bxd2+ 8.Bxd2 Be6
9.Nd5 Nge7 10.a3 O-O 11.h5 f6 12.c3 Qd7 13.g4 Rae8 14.Qa4 Nc8 15.f3 Nb6 16.Nxb6 axb6
17.Qb3 Bxc4 18.Qxc4+ Kh8 19.Qb5 Qc7 20.b4 Ra8 21.O-O Ra6 22.Be3 Rfa8 23.a4 Qf7
24.Rfb1 Kg8 25.a5 cxb4 26.cxb4 bxa5 27.bxa5 Rxa5 28.Rxa5 Rxa5 29.Qxb7 Qxb7
30.Rxb7 Ra3 31.h6 gxh6 32.Bxh6 Ra7 33.Rb6 Rc7 34.f4 Kf7 35.f5 Ke7 36.Kf2 Nd4
37.Ke1 Ra7 38.Be3 Ra3 39.Rb7+ Ke8 40.Bxd4 exd4 41.Ke2 Ra2+ 42.Kf3 Ra3 43.Rxh7 Rxd3+
44.Kf4 Rd1 45.Rh3 Kf7 46.Rg3 Rf1+ 47.Rf3 Rd1 48.Ra3 Rf1+ 49.Kg3 Re1 50.Kf3 Rf1+
51.Ke2 Rf4 52.Ra7+ Ke8 53.Kd3 d5 54.exd5 Rxg4 55.Ra6 Kf7 56.Re6 Rf4 57.d6 Rxf5
58.Re7+ Kf8 59.Kxd4 Ra5 60.Re1 Ra2 61.Kd5 Rd2+ 62.Kc6 Rc2+ 63.Kb7 f5 64.d7 Rb2+
65.Kc6 Rc2+ 66.Kd6 Rd2+ 67.Ke6 Kg7 68.Re5  1-0

[Event "TCh-AUT 2003-4"]
[Site "Velden AUT"]
[Date "2004.01.23"]
[Round "5"]
[White "Roth,Pe"]
[Black "Schoeppl,E"]
[Result "1-0"]
[WhiteElo "2301"]
[BlackElo "2277"]

1.e4 c5 2.Nf3 Nc6 3.Nc3 Nf6 4.Bb5 a6 5.Bxc6 dxc6 6.h3 g6 7.d3 Bg7 8.Be3 b6
9.Qd2 O-O 10.Bh6 a5 11.g4 a4 12.a3 Be6 13.Bxg7 Kxg7 14.Ng5 b5 15.f4 Qb8 16.Ne2 b4
17.O-O Rd8 18.Qe3 Qa7 19.f5 Bc8 20.fxg6 hxg6 21.e5 c4 22.d4  1-0

[Event "TCh-AUT 2003-4"]
[Site "Velden AUT"]
[Date "2004.01.23"]
[Round "5"]
[White "Mueller,Ka"]
[Black "Boensch,U"]
[Result "1/2-1/2"]
[WhiteElo "2517"]
[BlackElo "2545"]

1.e4 c5 2.Nf3 Nc6 3.Nc3 e5 4.Bc4 Be7 5.d3 d6 6.O-O Nf6 7.Ng5 O-O 8.f4 Bg4
9.Qd2 exf4 10.Qxf4 Qd7 11.Nd5 Nd4 12.Nxe7+ Qxe7 13.Qf2 Ne2+ 14.Kh1 Nxc1 15.Raxc1 h6
16.Nf3 Be6 17.Nd2 Ng4 18.Qg3 Ne5 19.b3 Rad8 20.Rf2 Nxc4 21.bxc4 f5 22.Re1 fxe4
23.Nxe4 Rxf2 24.Qxf2 Rf8 25.Qe3 Bf7 26.Kg1 Qe5 27.Qg3 Qxg3 28.hxg3 d5 29.cxd5 Bxd5
30.c4 Bxe4 31.Rxe4 Rd8 32.Re7 Rxd3 33.Rxb7 Rxg3 34.Rxa7 Rc3 35.Rc7 Rxc4 36.a4 Rxa4
37.Rxc5 Kh7 38.Rc6 h5 39.g3 g6 40.Rc5 Kh6 41.Kg2 Rg4 42.Kf3 Rg5 43.Rc6 Ra5
44.Rb6 Kg5 45.Rc6 Kf5 46.Rc3 g5 47.g4+ hxg4+ 48.Kg3  1/2-1/2

[Event "Itau Cup 450th Ann"]
[Site "Sao Paulo BRA"]
[Date "2004.01.24"]
[Round "9"]
[White "Rodriguez,And URU"]
[Black "Milos,G"]
[Result "0-1"]
[WhiteElo "2485"]
[BlackElo "2594"]

1.e4 c5 2.Nf3 Nc6 3.Nc3 Nf6 4.d4 cxd4 5.Nxd4 d6 6.g3 g6 7.Bg2 Nxd4 8.Qxd4 Bg7
9.O-O O-O 10.a4 Be6 11.Qb4 a5 12.Qxb7 Nd7 13.Qb5 Rc8 14.Rd1 Ne5 15.Qe2 Nc4
16.Rd3 Qd7 17.Nd5 Nxb2 18.Bxb2 Bxb2 19.Ra2  0-1

[Event "Itau Cup 450th Ann"]
[Site "Sao Paulo BRA"]
[Date "2004.01.24"]
[Round "9"]
[White "Rodriguez,And URU"]
[Black "Milos,G"]
[Result "0-1"]
[WhiteElo "2485"]
[BlackElo "2594"]

1.e4 c5 2.Nf3 Nc6 3.Nc3 Nf6 4.d4 cxd4 5.Nxd4 d6 6.g3 g6 7.Bg2 Nxd4 8.Qxd4 Bg7
9.O-O O-O 10.a4 Be6 11.Qb4 a5 12.Qxb7 Nd7 13.Qb5 Rc8 14.Rd1 Ne5 15.Qe2 Nc4
16.Rd3 Qd7 17.Nd5 Nxb2 18.Bxb2 Bxb2 19.Ra2 Bg7 20.Rb3 Qa7 21.Qe1 Rfe8 22.Rb5 Ra8
23.Qb1 Bd7 24.Rb3 Rad8 25.Rb7 Qd4 26.c3 Qe5 27.Qd3 Bc6 28.f4 Qe6 29.Rc7 Rc8
30.Re2 Bxd5 31.exd5 Qxe2 32.Qxe2 Rxc7 33.Qb5 Rec8 34.Bh3 f5 35.Qe2 Bxc3 36.Qe6+ Kg7
37.Bf1 Bf6 38.Kg2 Rc2+ 39.Kh3 Rb2 40.Bd3 Rc1 41.Bxf5 gxf5 42.Qxf5 Rcc2 43.Qg4+ Kf8
44.Qf5 h5  0-1

[Event "Itau Cup 450th Ann"]
[Site "Sao Paulo BRA"]
[Date "2004.01.24"]
[Round "9"]
[White "Rodriguez,And URU"]
[Black "Milos,G"]
[Result "0-1"]
[WhiteElo "2485"]
[BlackElo "2594"]

1.e4 c5 2.Nf3 Nc6 3.Nc3 Nf6 4.d4 cxd4 5.Nxd4 d6 6.g3 g6 7.Bg2 Nxd4 8.Qxd4 Bg7
9.O-O O-O 10.a4 Be6 11.Qb4 a5 12.Qxb7 Nd7 13.Qb5 Rc8 14.Rd1 Ne5 15.Qe2 Nc4
16.Rd3 Qd7 17.Nd5 Nxb2 18.Bxb2 Bxb2 19.Ra2 Bg7 20.Rb3 Qa7 21.Qe1 Rfe8 22.Rb5 Ra8
23.Qb1 Bd7 24.Rb3 Rad8 25.Rb7 Qd4 26.c3 Qe5 27.Qd3 Bc6 28.f4 Qe6 29.Rc7 Rc8
30.Re2 Bxd5 31.exd5 Qxe2 32.Qxe2 Rxc7 33.Qb5 Rec8 34.Bh3 f5 35.Qe2 Bxc3 36.Qe6+ Kg7
37.Bf1 Bf6 38.Kg2 Rb8 39.Kh3 Rb2 40.Bd3 Rc1 41.Bxf5 gxf5 42.Qxf5 Rcc2 43.Qg4+ Kf8
44.Qf5 h5  0-1

[Event "It"]
[Site "Bermuda BER"]
[Date "2004.01.25"]
[Round "10"]
[White "Macieja,B"]
[Black "Shabalov,A"]
[Result "1-0"]
[WhiteElo "2653"]
[BlackElo "2623"]

1.e4 c5 2.Nf3 Nc6 3.Nc3 g6 4.d4 cxd4 5.Nxd4 Bg7 6.Be3 d6 7.Qd2 Nf6 8.f3 h5
9.O-O-O Bd7 10.Bc4 Rc8 11.Bb3 a6 12.Rhe1 O-O 13.Kb1 Re8 14.h3 Qa5 15.g4 Ne5
16.Bh6 Bh8 17.f4 Nc4 18.Bxc4 Rxc4 19.Nb3 Qd8 20.e5 Nxg4 21.hxg4 Bxg4 22.exd6 Kh7
23.Bg5 f6 24.Qd5 Rxc3 25.Qf7+ Bg7 26.Bxf6  1-0

[Event "1st WinTV Open"]
[Site "Chennai IND"]
[Date "2004.01.25"]
[Round "6"]
[White "Ramesh,R"]
[Black "Iskusnyh,S"]
[Result "1-0"]
[WhiteElo "2506"]
[BlackElo "2482"]

1.e4 c5 2.Nf3 Nc6 3.Nc3 e5 4.Bc4 Be7 5.d3 Nf6 6.Ng5 O-O 7.f4 d5 8.Nxd5 Nxd5
9.Bxd5 exf4 10.Nf3 Bh4+ 11.Kf1 Bg5 12.Bxc6 bxc6 13.Nxg5 Qxg5 14.Qf3 c4 15.Bxf4 Qb5
16.b3 cxd3 17.Qxd3 Qxd3+ 18.cxd3 Ba6 19.Rd1 Rad8 20.Kf2 Bxd3 21.Bc7 Rd7 22.Ke3 Rxc7
23.Rxd3 Re8 24.Rc1 f5 25.Rd4 Kf7 26.Rf1 g6 27.g4 Re5 28.gxf5 Ra5 29.Rf2 Ke7
30.Rg2 Rc8 31.Kf4 c5 32.Rd5 Ra6 33.Rc2 gxf5 34.exf5 c4 35.bxc4 Ra4 36.Rd4 Kf6
37.Rd6+ Kf7 38.Ke5 Rc5+ 39.Rd5 Rc7 40.c5 Ra6 41.Rd6 Ra5 42.Kd5 Ke7 43.Re6+ Kf7
44.Kd6 Rc8 45.Re7+ Kf6 46.c6 Rxf5 47.Rxh7  1-0

[Event "Winter Open"]
[Site "Belgrade SCG"]
[Date "2004.01.26"]
[Round "6"]
[White "Petrovic,ZoZ"]
[Black "Sarenac,I"]
[Result "1-0"]
[WhiteElo "2195"]
[BlackElo "2076"]

1.e4 c5 2.Nf3 Nc6 3.Nc3 Nf6 4.d4 cxd4 5.Nxd4 e5 6.Ndb5 d6 7.Nd5 Nxd5 8.exd5 Nb8
9.Qf3 a6 10.Qa3 Be7 11.Bg5 f6 12.Be3 O-O 13.c4 b6 14.b4 Bb7 15.Nc3 f5 16.f3 Nd7
17.Qb3 Bg5 18.Bf2 Rc8 19.Be2 b5 20.cxb5 e4 21.bxa6 Qf6 22.axb7 Rxc3 23.Qd1 e3
24.Bg1 Rb8 25.Ba6 Qe5 26.Qe2 Qd4 27.Rb1 Ne5 28.Qd1 Qb6 29.Qa4 Qc7 30.Rd1 Nc4
31.Qc6 Nb2 32.Qxc7 Rxc7 33.Rb1 Rc2 34.g3 Bf6 35.Bxe3 Re8 36.Kf1 Kf7 37.Ba7 Na4
38.Bb5 Nc3 39.Bxe8+ Kxe8 40.b8=Q+  1-0

[Event "IM"]
[Site "Marianske Lazne CZE"]
[Date "2004.01.26"]
[Round "3"]
[White "Pisk,P"]
[Black "Stolz,M"]
[Result "1-0"]
[WhiteElo "2322"]
[BlackElo "2412"]

1.e4 c5 2.Nf3 Nc6 3.Nc3 g6 4.d4 cxd4 5.Nxd4 Bg7 6.Nde2 Rb8 7.a4 a6 8.g3 b5
9.axb5 axb5 10.Bg2 d6 11.O-O Nf6 12.Nd5 Nd7 13.Rb1 Nc5 14.b3 e6 15.Ne3 Bb7
16.Bb2 Bxb2 17.Rxb2 O-O 18.c3 Ne7 19.Qb1 Qb6 20.Rd2 Rbd8 21.Rfd1 e5 22.b4 Ne6
23.c4 f5 24.Qb3 Kg7 25.cxb5 Ng5 26.Nc4 Qxb5 27.Nc3 Qe8 28.Nxd6 Rxd6 29.Rxd6 fxe4
30.h4 Nf7 31.Rb6 Qc8 32.Nxe4 Nf5 33.Rxb7 Qxb7 34.Nc5 Qb5 35.Ne6+ Kg8 36.Nxf8 Kxf8
37.Bf1 Qb7 38.Bg2 Qb5 39.Qc3 Kg7 40.Bf1 Qb7 41.b5 Qa7 42.Ra1 Qb6 43.Ra6 Qb8
44.b6 Qd8 45.Ra7 Qxb6 46.Qxe5+ Qf6 47.Qxf6+ Kxf6 48.Bd3 Nd4 49.Kg2 Ne5 50.Be4 h5
51.Ra6+ Kf7 52.f4  1-0

[Event "1st WinTV Open"]
[Site "Chennai IND"]
[Date "2004.01.27"]
[Round "7"]
[White "Visweswaran,K"]
[Black "Roy Chowdhury,S"]
[Result "1-0"]
[WhiteElo "2325"]
[BlackElo "2400"]

1.e4 c5 2.Nf3 Nc6 3.Nc3 g6 4.Bb5 Bg7 5.O-O e5 6.d3 Nge7 7.Bc4 h6 8.Be3 d6
9.Qd2 f5 10.Qd1 f4 11.Bd2 Bg4 12.h3 Bd7 13.Nd5 Qc8 14.c3 Nxd5 15.Bxd5 Ne7
16.Bc4 b5 17.Bb3 c4 18.dxc4 bxc4 19.Ba4 O-O 20.Bxd7 Qxd7 21.Qe2 Qe6 22.Rfd1 Rab8
23.Be1 Nc8 24.a4 Nb6 25.Nd2 Rfc8 26.f3 d5 27.Bf2 Nd7 28.Nb1 Bf6 29.Na3 Bd8
30.Nb5 Rc6 31.Rd2 Nf6 32.Rad1 Be7 33.Rxd5 Rb7 34.Na3 Qc8 35.Ra5 g5 36.Rb5 Rbc7
37.Nc2 Ra6 38.a5 Qe8 39.Na3  1-0

[Event "1st WinTV Open"]
[Site "Chennai IND"]
[Date "2004.01.27"]
[Round "8"]
[White "Roy Chowdhury,S"]
[Black "Krishna,CK"]
[Result "0-1"]
[WhiteElo "2400"]
[BlackElo "2196"]

1.e4 c5 2.Nf3 Nc6 3.Nc3 d6 4.Bc4 Nf6 5.O-O g6 6.h3 Bg7 7.d3 O-O 8.Bf4 Be6
9.Qd2 d5 10.exd5 Nxd5 11.Bh6 Nd4 12.Nxd4 cxd4 13.Ne2 Nc7 14.Bxg7 Kxg7 15.Rad1 b5
16.Bxe6 Nxe6 17.c4 dxc3 18.Qxc3+ Kg8 19.d4 Nc7 20.d5 Nxd5 21.Qb3 e6 22.Nf4 a6
23.Nxd5 exd5 24.Rxd5 Qf6 25.Rfd1 Rad8 26.Qb4 Rxd5 27.Rxd5 Rd8 28.Qc3 Qe7
29.Qe3 Qf6 30.Qc3 Qe7 31.Re5 Rd1+ 32.Kh2 Qd6 33.Qg3 Kg7 34.Re2 Qf6 35.a3 Rb1
36.Qb3 Qd6+ 37.Qg3 Qf6 38.b4 Rb2 39.Rxb2 Qxb2 40.Qe3 Qf6 41.f4 Qc6 42.Kg3 h5
43.Qe5+ Kg8 44.f5 Kh7 45.f6 Qc4 46.Qe7 g5 47.Kh2 Kg6 48.Qd8 Qf4+ 49.Kg1 Qxf6
50.Qd3+ Qf5 51.Qd6+ Qe6 52.Qd3+ f5 53.Qd8 g4 54.h4 Qe1+ 55.Kh2 Qe5+ 56.Kg1 f4
57.Qg8+ Kf5 58.Qh7+ Ke6 59.Kf1 Qa1+ 60.Ke2 Qe5+ 61.Kd2 Kd5 62.Qf7+ Kd4 63.Kc2 Qe2+
64.Kb1 Qf1+  0-1

[Event "Gibraltar Masters"]
[Site "Catalan Bay ENG"]
[Date "2004.01.28"]
[Round "2"]
[White "Tissir,M"]
[Black "Williams,P"]
[Result "1-0"]
[WhiteElo "2436"]
[BlackElo "2279"]

1.e4 c5 2.Nc3 Nc6 3.Bb5 Nd4 4.Bc4 e6 5.Nf3 Nxf3+ 6.Qxf3 d6 7.O-O Nf6 8.Qg3 Nh5
9.Bb5+ Bd7 10.Bxd7+ Qxd7 11.Qh3 Nf4 12.Qf3 Ng6 13.d3 Be7 14.Qh5 b5 15.f4 O-O
16.Rf3 Rab8 17.Rh3 h6 18.f5 exf5 19.exf5 Nh4 20.Nd5 Bd8 21.Rxh4 Bxh4 22.Qxh4 f6
23.Bxh6 Qf7 24.Qg4 Kh8 25.Re1 Rbe8 26.Rxe8 Rxe8 27.Bd2 Qxd5 28.Qh5+ Kg8 29.Qxe8+ Kh7
30.Qg6+ Kg8 31.Bh6 Qb7 32.h4 Qe7 33.Kf2 c4 34.h5 cxd3 35.cxd3 d5 36.Bxg7 Qxg7
37.h6 Qxg6 38.fxg6 a5 39.Kf3  1-0

[Event "IM"]
[Site "Marianske Lazne CZE"]
[Date "2004.01.28"]
[Round "6"]
[White "Slaby,J"]
[Black "Stolz,M"]
[Result "1/2-1/2"]
[WhiteElo "2405"]
[BlackElo "2412"]

1.e4 c5 2.Nc3 Nc6 3.Bb5 g6 4.Bxc6 dxc6 5.d3 Bg7 6.Be3 b6 7.Qd2 e5 8.Nge2 Qd6
9.O-O Be6 10.f4 f6 11.fxe5 fxe5 12.a3 Nf6 13.b4 cxb4 14.axb4 O-O 15.b5 Ng4
16.Rxf8+ Qxf8 17.bxc6 Nxe3 18.Qxe3 Bh6 19.Qf2 Qd6 20.Nd5 Bxd5 21.exd5 Rf8
22.Qh4 Be3+ 23.Kh1 Qxd5 24.Qh3 Qa2 25.Re1 Bd2 26.Rg1 Qd5 27.Rd1 Bf4 28.Nxf4 exf4
29.Re1 Qxc6 30.Re7 h5 31.Qf3 Qxf3 32.gxf3 Rf7 33.Re4 Rc7 34.c4 Rd7 35.d4 a5
36.d5 a4 37.Re8+ Kf7 38.Ra8 Kf6 39.Rxa4 Ke5 40.Ra8 b5 41.Re8+ Kd4 42.Re4+ Kc5
43.cxb5 Kxb5 44.Rxf4 Kc5 45.Rf6 Rd6  1/2-1/2

[Event "Open"]
[Site "Marianske Lazne CZE"]
[Date "2004.01.29"]
[Round "7"]
[White "Gumula,D"]
[Black "Turner,Ja"]
[Result "1/2-1/2"]
[WhiteElo "2243"]
[BlackElo "2344"]

1.e4 c5 2.Nc3 Nc6 3.Bb5 g6 4.Bxc6 bxc6 5.d3 Bg7 6.f4 d6 7.Nf3 Nf6 8.O-O O-O
9.Kh1 Ne8 10.f5 e6 11.fxg6 hxg6 12.Qe1 e5 13.Qg3 Nf6 14.Bg5 Nh5 15.Qh4 f6
16.Be3 Rb8 17.b3 Rb7 18.Ne2 f5 19.Bg5 Qe8 20.Nd2 Be6 21.Rf3 f4 22.Raf1 Rbf7
23.g3 fxg3 24.Nxg3 Rxf3 25.Rxf3 Rxf3 26.Nxf3 Qf7 27.Kg2 Nf6 28.Bxf6 Bxf6
29.Qh6 Qg7 30.Qd2 Qh7 31.a4 Bg4 32.Ng1 Qe7 33.Qh6 Qg7 34.Qxg7+  1/2-1/2

[Event "1st WinTV Open"]
[Site "Chennai IND"]
[Date "2004.01.30"]
[Round "11"]
[White "Lahiri,A"]
[Black "Murugan,K"]
[Result "1/2-1/2"]
[WhiteElo "2325"]
[BlackElo "2390"]

1.e4 c5 2.Nc3 Nc6 3.Bb5 Nd4 4.Bc4 e6 5.d3 Ne7 6.a4 d5 7.Ba2 b6 8.Nf3 Bb7
9.O-O dxe4 10.Nxd4 cxd4 11.Nxe4 Nf5 12.Qh5 Be7 13.Ng5 g6 14.Qg4 O-O 15.Re1 Bd5
16.Bxd5 Qxd5 17.Bf4 Rac8 18.Re2 Rc6 19.Qh3 Bxg5 20.Bxg5 f6 21.Bh4 e5 22.g4 Nxh4
23.Qxh4 Rfc8 24.g5 Rxc2 25.Rxc2 Rxc2 26.gxf6 h5 27.Qg3  1/2-1/2